[Event "RUS-ch KO"]
[Site "Moscow"]
[Date "1999.12.20"]
[Round "3.2"]
[White "Popov, Valerij"]
[Black "Kobalia, Mihail"]
[Result "0-1"]
[WhiteElo "2523"]
[BlackElo "2573"]
[Annotator "Huebner,R"]
[PlyCount "66"]
[EventDate "1999.12.04"]
[EventType "k.o."]
[EventRounds "6"]
[EventCountry "RUS"]
[SourceTitle "CBM 075"]
[Source "ChessBase"]
[SourceDate "2000.04.05"]
[SourceVersion "1"]
[SourceVersionDate "2000.04.05"]
[SourceQuality "1"]

1. d4 d5 2. c4 c6 3. Nc3 Nf6 4. e3 a6 5. Qc2 b5 6. b3 Bg4 7. Nge2 Nbd7 8. Nf4 (
8. h3 Bh5 9. Nf4 Bg6 10. Nxg6 hxg6 11. Be2 e6 12. O-O Rc8 13. Rd1 Bd6 14. Bf3
Nh7 15. e4 Ng5 16. Qe2 Bb4 17. Nb1 Nxf3+ 18. Qxf3 bxc4 19. bxc4 Nb6 20. exd5
cxd5 21. c5 Nc4 22. Bd2 Ba5 23. Bc3 {1/2-1/2 Savchenko,S-Belikov,V/RUS Army-ch
1995/CBM 48 (23)}) 8... e5 9. dxe5 Nxe5 10. h3 Be6 11. Be2 Bd6 12. Bb2 O-O 13.
O-O Ng6 14. cxd5 cxd5 15. Nxe6 fxe6 16. Rac1 Rc8 17. Qd3 Bb8 18. a3 Qd6 19. g3
Rc6 20. Rc2 Ne5 21. Qd4 Qc7 22. Rfc1 Ba7 23. Qd2 (23. Qd1 {konnte zu einem
schnellen Remis führen:} Nc4 24. bxc4 Bxe3 25. fxe3 Qxg3+ $11) 23... Rc8 24.
Qd1 Qf7 $2 (24... Nc4 {kommt auch jetzt in Betracht, denn nach} 25. bxc4 Bxe3
26. fxe3 Qxg3+ {scheitert} 27. Kf1 {an} Ng4 {, und Schwarz gewinnt.}) 25. Bf1
$2 ({Ich sehe keine Einwände gegen den Bauerngewinn} 25. Nxd5 {Nach} Nxd5 (
25... exd5 26. Bxe5 Ne4 27. Rxc6 {genügt nicht.}) 26. Bxe5 Nxe3 27. Rxc6 {
muß Schwarz aufgeben.}) 25... Qg6 26. Bg2 Kh8 (26... Nd3 {läßt wieder} 27. Nxd5
{zu. Deshalb nimmt Schwarz dem Weißen die Möglichkeit, Sd5-e7 mit Schach
auszuführen.}) 27. Rd2 h5 28. Qe2 $2 ({Die Fortsetzung} 28. Ne2 Rxc1 29. Nxc1 {
hätte dem Weißen ein vollkommen befriedigendes Spiel gewährt.}) 28... Ne4 29.
Nxe4 Rxc1+ 30. Bxc1 Rxc1+ 31. Kh2 dxe4 $4 ({Die Fortsetzung} 31... Bb6 32. Rc2
{Nach anderen Fortsetzungen behält Schwarz ohne weiteres Vorteil.} Rxc2 33.
Qxc2 dxe4 34. Qc8+ Kh7 35. Qb7 Nf3+ 36. Bxf3 exf3 37. Qxb6 Qc2 38. e4 Qxe4 {
bot dem Schwarzen ausgezeichnete Gewinnaussichten.}) 32. Rd8+ $4 (32. Bxe4 {
führte zum sofortigen Gewinn für Weiß:} Ng4+ (32... Rh1+ 33. Bxh1 $18) (32...
Qe8 33. Qxh5+ Qxh5 34. Rd8+ {nebst matt.}) 33. Qxg4 hxg4 (33... Qxg4 34. Rd8#)
34. Bxg6 Rc8 35. hxg4 {mit mühelosem Sieg.}) 32... Kh7 33. Bxe4 Ng4+ 0-1

[Event "Corus"]
[Site "Wijk aan Zee"]
[Date "2002.01.17"]
[Round "5"]
[White "Timman, Jan H"]
[Black "Morozevich, Alexander"]
[Result "1/2-1/2"]
[WhiteElo "2605"]
[BlackElo "2742"]
[Annotator "Huebner,R"]
[PlyCount "118"]
[EventDate "2002.01.12"]
[EventType "tourn"]
[EventRounds "13"]
[EventCountry "NED"]
[EventCategory "18"]
[SourceTitle "CBM 087"]
[Source "ChessBase"]
[SourceDate "2002.03.21"]
[SourceVersion "1"]
[SourceVersionDate "2002.03.21"]
[SourceQuality "1"]

1. d4 d5 2. c4 c6 3. Nc3 Nf6 4. e3 a6 5. Qc2 e6 6. Bd2 c5 {Für diesen Zug an
dieser Stelle habe ich keine Vorbilder gefunden.} 7. dxc5 Bxc5 8. cxd5 exd5 9.
Nb5 Nbd7 (9... Ne4 {kommt in Betracht. Nach} 10. Bd3 Qe7 11. b4 axb5 12. Bxe4 (
12. bxc5 {scheitert an} Qf6) 12... dxe4 {steht Schwarz gut.}) 10. b4 Bb6 {
Diese Fortsetzung sieht riskant aus, scheint jedoch spielbar zu sein. Zu einer
ungefähr ausgeglichenen Stellung führt noch stets} (10... Ne4 11. bxc5 axb5 12.
Nf3 Ndxc5 13. Bxb5+ Bd7 {usw.}) 11. Nd6+ Ke7 12. Nf5+ Kf8 13. Bc3 g6 14. Nd4 ({
Nach} 14. Ng3 {reagiert Schwarz mit} d4 15. exd4 (15. Bxd4 Bxd4 16. exd4 Qe7+ {
ist nicht besser für Weiß.}) 15... Nd5 16. Bc4 N7f6 17. N1e2 Kg7 {; er hat
befriedigendes Spiel.}) 14... Ne4 $1 {Das Qualitätsopfer bietet dem
Nachziehenden vorzügliche Aussichten.} (14... Ne5 15. Ngf3 {überläßt dem
Weißen einen bequemen Vorteil.}) 15. Ne6+ ({Nach} 15. Nc6 bxc6 16. Bxh8 {
kann Schwarz mit} f6 17. Qxc6 Qe7 ({Unklar ist die Folge} 17... Rb8 18. Qxd5
Qe7 19. a3 Bb7 (19... Nxf2 {scheitert an} 20. Bc4) 20. Qb3) 18. a3 (18. Rb1 Rb8
) 18... Nxf2 19. Qxa8 Qxe3+ 20. Ne2 Nd3+ 21. Kd1 Nf2+ {mindestens remis
erreichen.}) 15... fxe6 16. Bxh8 Qe7 17. Qb2 $6 {Danach erreicht Schwarz
vermutlich Vorteil.} ({Nach} 17. Qb3 {(um e6-e5 zu verhindern) kommt Schwarz
mit} a5 {zu starkem Gegenspiel, zum Beispiel} 18. a3 (18. Bd3 axb4 19. Bxe4 Nc5
20. Qc2 dxe4 {ist nicht vertrauenerweckend für Weiß.}) 18... Ndf6 19. Bd3 Kg8
20. Bxf6 Qxf6 21. Ra2 Nc3 22. Rc2 axb4 {usw.}) (17. a3 {führt ebenfalls zu
unklarem Spiel, zum Beispiel} e5 18. Qd3 Qe6 19. Rd1 Kg8 20. f3 Ng5 21. f4 exf4
22. Bd4 fxe3 $13 {usw.}) (17. Bc3 {ist der plausibelste Versuch; Schwarz
entwickelt eine gefährliche Initiative, aber Weiß kann standhalten:} e5 (17...
Ndf6 18. Bd3 Nxc3 19. Qxc3 d4 (19... e5 20. Qb2 ({Nach} 20. Ne2 d4 21. Qd2 dxe3
22. fxe3 Ng4 {hat Schwarz genügendes Gegenspiel.}) 20... a5 21. Ne2 {überläßt
dem Weißen einigen Vorteil.}) 20. exd4 Nd5 21. Qd2 (21. Qb2 Qxb4+ 22. Qxb4+
Nxb4 {führt zu einer etwa ausgeglichenen Stellung.}) 21... Bxd4 ({Nach} 21...
Qxb4 22. Nf3 {hat Weiß deutlichen Vorteil:}) 22. Rc1 Qxb4 23. Qxb4+ Nxb4 24.
Bb1 {Weiß steht besser.}) 18. Nf3 (18. Ne2 Ndf6 19. f3 Nxc3 20. Qxc3 d4 {
Schwarz hat mehr als ausreichende Kompensation für das geopferte Material.}) (
18. Bd2 Ndf6 19. Bd3 Bf5 20. Ne2 Rc8 21. Qa4 (21. Qb2 {ist von zweifelhaftem
Wert:} Nxd2 22. Kxd2 (22. Bxf5 {scheitert an} Nc4) 22... Bxd3 23. Kxd3 d4 {
Man möchte nicht in der Haut des Weißen stecken:} 24. e4 Nxe4 25. Kxe4 Qg5 26.
Ng3 Qf4+ 27. Kd3 Rc3+ 28. Ke2 d3+ 29. Kd1 Rc2 {, und Schwarz gewinnt.}) (21.
Qb3 Nxd2 22. Kxd2 Bxd3 23. Kxd3 Ne4 {sieht ebenfalls nicht erfreulich für Weiß
aus.}) 21... d4 22. exd4 Nxd2 23. Bxf5 gxf5 24. Kxd2 Ne4+ 25. Ke1 exd4 {
Schwarz steht auf Gewinn.}) 18... Ndf6 19. Bd2 (19. Bxe5 Qxb4+ 20. Ke2 Bd7 21.
a4 Rc8 22. Qa2 Ng4 {dürfte zu raschem Zusammenbruch führen.}) (19. Nxe5 Bf5 {
sieht zu riskant für Weiß aus.}) (19. Be2 d4 20. Bd2 Nxf2 {überläßt dem
Schwarzen ebenfalls starken Angriff.}) 19... Ng4 20. Be2 Nexf2 21. O-O Nxe3 22.
Bxe3 Bxe3 23. Rxf2 Bxf2+ 24. Kxf2 e4 25. Qc3 exf3 26. Qh8+ Kf7 27. Bxf3 (27.
Qxh7+ Kf6 28. Qh8+ Qg7 29. Qxg7+ Kxg7 30. Bxf3 Be6 31. Rc1 Kf6 {ergibt ein
ungefähr ausgeglichenes Endspiel.}) 27... Qh4+ 28. Kf1 (28. Kg1 {wird mit} Be6
{beantwortet.}) 28... Qxh2 29. Bxd5+ Be6 30. Bxe6+ Kxe6 31. Re1+ Kf7 32. Qxa8
Qf4+ {mit Dauerschach.}) 17... e5 (17... a5 {kann hier befriedigend mit} 18.
Bd3 {pariert werden.}) 18. Nf3 Bc7 19. Qb3 Nb6 20. Bd3 Bf5 21. Rc1 Bd6 22. h3 (
{Natürlicher sieht} 22. O-O {aus, doch kann Weiß auch damit keinen Ausgleich
erreichen:} Kg8 23. Bxe5 Bxe5 24. g4 Ng5 (24... Bxh2+ {führt zum Dauerschach:}
25. Nxh2 (25. Kxh2 Nd2 $11 (25... Be6 $13) (25... Bxg4 26. Bxe4 Qxe4 27. Ng5
Qe7 28. f4 Re8 $13)) 25... Nd2 26. Qc3 Nxf1 27. Bxf1 Rc8 28. Qd2 Rxc1 29. Qxc1
Be6 $11) 25. Nxe5 (25. Nxg5 Qxg5 26. Bxf5 gxf5 27. Kh1 Kh8 {ist unerfreulich
für Weiß.}) 25... Bxd3 26. Nxd3 Qe4 27. Rfd1 Nc4 28. Kf1 Re8 {Weiß wird nicht
überleben.}) 22... Kg8 (22... Bxb4+ $2 23. Ke2 a5 24. Bxe5 Nc5 25. Rxc5 Bxd3+
26. Qxd3 Bxc5 27. Rb1 {gibt dem Weißen das bessere Spiel.}) 23. g4 $6 ({
Besser ist} 23. Bxe5 Bxe5 24. g4 Bg3 25. fxg3 (25. gxf5 Bxf2+ 26. Kf1 (26. Ke2
Bxe3 {, und Schwarz gewinnt.}) (26. Kd1 Ng3 27. Re1 gxf5 {mit Vorteil für
Schwarz.}) 26... Bxe3 27. Re1 Ng3+ 28. Kg2 Nxh1 29. fxg6 hxg6 30. Bxg6 Nc4 31.
Qd3 Rd8 32. Kxh1 Qf6 33. Be4 Kg7 34. Bxd5 Qxf3+ 35. Bxf3 Rxd3 36. Be2 {, und
die Partie bleibt remis.}) 25... Nxg3 26. Be2 Nxh1 27. gxf5 gxf5 28. a4 {
Weiß hält sich; der Mehrbauer des Schwarzen spielt keine große Rolle.}) 23...
Nxf2 $6 ({Wirksamer ist} 23... Ng5 24. gxf5 (24. Nxg5 Bxd3 25. Qxd3 Qxg5 {
sieht düster für Weiß aus.}) 24... Nxf3+ 25. Ke2 e4 ({Weniger genau ist} 25...
Kxh8 26. Kxf3 e4+ 27. Ke2 exd3+ 28. Qxd3 Qf6 29. fxg6 hxg6 30. Rhg1 {mit
unklarer Stellung.}) 26. Bb2 exd3+ 27. Qxd3 Qe4 {Schwarz hat Gewinnaussichten.}
) (23... Bxb4+ 24. Kf1 ({Nach} 24. Ke2 Nc5 25. Qxb4 Bxd3+ 26. Kd1 Nc4 27. Nxe5
a5 {gewinnt Schwarz.}) 24... Kxh8 ({Nach} 24... Ng5 25. Nxg5 Bxd3+ 26. Qxd3
Qxg5 {hat Weiß jetzt die Verteidigung} 27. f4 {; Schwarz hat kein Schach auf
h4.}) 25. gxf5 Rf8 26. Bxe4 dxe4 27. Nxe5 Rxf5 28. Ng4 h5 29. Ke2 {führt
dagegen zu unklarem Spiel.}) 24. Kxf2 Bxd3 25. Qxd3 ({Schwach ist} 25. Bxe5 Be4
26. Bxd6 Qxd6 27. Kg2 Nd7 {, und Schwarz gewinnt.}) 25... Rf8 26. e4 Kxh8 27.
Rhe1 $6 (27. a3 dxe4 28. Qxe4 Rf4 29. Qe3 e4 30. Qxb6 Rxf3+ 31. Ke2 Rxa3 32.
Qd4+ Be5 33. Qxe4 Ra2+ {sieht nicht gemütlich für Weiß aus.}) ({Die Fortsetzung
} 27. Kg2 $5 dxe4 (27... Bxb4 28. exd5 {ist nicht gefährlich für Weiß.}) 28.
Qxe4 Rf4 29. Qd3 Bxb4 30. Rhd1 {ist aber wohl genauer als der Textzug.}) 27...
Bxb4 28. Re2 d4 29. Kg2 Na4 30. Rf1 Nc5 $6 ({Nach} 30... b5 $5 31. Ref2 Rf4 32.
Qb3 Bd6 {hätte Weiß schweren Zeiten entgegengesehen.}) 31. Qc4 Bc3 32. a4 $6 (
32. Qd5 Nd3 ({Die Fortsetzung} 32... d3 33. Ref2 Rd8 34. Qc4 Ba5 35. Ng5 {
überläßt dem Weißen einen gefährlichen Angriff.}) 33. Nxe5 Rxf1 34. Nxd3 {
führt zu befriedigendem Spiel für Weiß:} {die Folge} Rd1 35. Nc5 b6 36. Ne6 h6
37. Rf2 {ist für den Nachziehenden nicht zu empfehlen.}) 32... Kg7 $6 (32...
Rf6 $17 {gibt dem Schwarzen großen Vorteil, denn} 33. Ref2 Nxe4 34. Re2 Nd6 35.
Qd5 e4 {kommt hier für Weiß nicht in Betracht.}) (32... b6 33. Qd5 d3 34. Ref2
Qe6 {sieht ebenfalls prekär für Weiß aus.}) 33. Ref2 ({Auch} 33. Ng5 Rxf1 34.
Kxf1 {führt zum Ausgleich:} b6 $2 {scheitert an} 35. Rf2) 33... Nxe4 34. Re2
Nd6 35. Qd5 e4 36. Nxd4 Rxf1 37. Ne6+ Kf6 38. g5+ Kf7 39. Nc5+ Ke8 40. Kxf1
Qf7+ 41. Qxf7+ Kxf7 42. Nxe4 Nxe4 43. Rxe4 b5 {Es ist eine theoretische
Remisstellung entstanden.} 44. Ke2 bxa4 45. Rxa4 a5 46. Rc4 Bg7 47. Rc7+ Kg8
48. Ra7 h6 49. gxh6 Bxh6 50. Rxa5 Bg7 51. Kf3 Bc3 52. Ra7 Bb2 53. Ke4 Bc3 54.
Kd5 Bb2 55. Ke6 Bc3 56. Rd7 Bb2 57. Rd2 Bc3 58. Rg2 Kg7 59. Rg4 Bb2 1/2-1/2

[Event "GER CupT semifinal"]
[Site "Berlin"]
[Date "2003.03.22"]
[Round "1.2"]
[White "Krasenkow, Michal"]
[Black "Gustafsson, Jan"]
[Result "1-0"]
[WhiteElo "2633"]
[BlackElo "2566"]
[Annotator "Huebner,R"]
[PlyCount "109"]
[EventDate "2003.03.22"]
[EventType "team"]
[EventRounds "2"]
[EventCountry "GER"]
[SourceTitle "CBM 095"]
[Source "ChessBase"]
[SourceDate "2003.07.25"]
[SourceVersion "1"]
[SourceVersionDate "2003.07.25"]
[SourceQuality "1"]
[WhiteTeam "Baden Oos"]
[BlackTeam "Hamburger SK"]
[WhiteTeamCountry "GER"]
[BlackTeamCountry "GER"]

{[%mdl 2]} 1. d4 d5 2. c4 c6 3. Nc3 Nf6 4. e3 a6 5. Qc2 e6 6. c5 e5 7. dxe5
Nfd7 8. f4 ({In Betracht kommt auch} 8. Na4 Nxc5 9. Nxc5 Qa5+ 10. Bd2 Qxc5 11.
Bc3 {mit angenehmer Stellung für Weiß.}) 8... Nxc5 9. Nf3 g6 {Dies gefällt mir
besser als das in der Vorgängerpartie Gespielte:} (9... f6 10. b4 Ncd7 11. a3
a5 12. Rb1 $6 (12. e6 $5 Nb6 13. bxa5 Rxa5 14. f5 $16) 12... axb4 13. axb4 Na6
14. Bxa6 Rxa6 15. e6 Nb6 16. Nd4 Nc4 $13 {1/2-1/2 Kallio,H-Nakamura,H/Linares
2002/CBM 87 ext (40). (39)}) 10. Nd4 f6 $6 {Dies sollte mit} (10... Be7 {
vorbereitet werden.}) 11. exf6 Qxf6 12. b4 Ne6 13. Nxd5 Qh4+ 14. g3 Qd8 15.
Nxe6 Bxe6 16. Nc3 $6 {Stärker ist} (16. Nf6+ Qxf6 (16... Kf7 17. Bb2 Bxb4+ 18.
Kf2 {ist ebenfalls unbequem für Schwarz.}) 17. Bb2 Qe7 (17... Bxb4+ 18. Kf2 Qf8
19. Qe4 {ist fatal für Schwarz.}) 18. Bxh8 Bd5 19. Bg2 Bxg2 (19... Qxe3+ 20.
Kf1 {ist noch ungünstiger für Schwarz.}) 20. Qxg2 Qxe3+ 21. Qe2 Bxb4+ 22. Kf1
Qxe2+ 23. Kxe2 Nd7 24. Rab1 {mit Vorteil für Weiß.}) 16... Bxb4 17. Bb2 Nd7 18.
O-O-O $6 {Hier steht der König des Weißen nicht sicher, und Schwarz kommt zum
Abtausch der schwarzfeldrigen Läufer. Richtig ist} (18. Bg2 Qb6 19. O-O {
, und Weiß hat eine gefährliche Initiative.}) 18... Qe7 19. e4 Ba3 20. f5 $6 {
Ich muß bekennen, daß ich es nicht wagen würde, die Bauernstruktur im Zentrum
so zu entwerten. Nach} (20. h4 Nf6 21. Bh3 {ist die Stellung des Weißen
durchaus noch befriedigend.}) 20... Bf7 21. Na4 O-O 22. Bc4 Bxb2+ $6 (22... Ne5
{sieht plausibler aus:} 23. Bb3 b5 {ist für Weiß unangenehmer als die
Partiefolge.}) 23. Nxb2 Ne5 24. Bb3 $11 b5 25. Rhf1 Bxb3 26. Qxb3+ Kg7 27. Nd3
Nxd3+ 28. Rxd3 Rae8 29. Qc3+ Qe5 30. Rf4 Qxc3+ 31. Rxc3 Rf6 32. fxg6 Rxf4 33.
gxf4 Rxe4 34. gxh7 Rxf4 35. Rxc6 Kxh7 (35... Ra4 36. Rh6 Kh8 37. Kb2 a5 38. Rh5
Rb4+ (38... b4 $2 39. Rh3 $18) 39. Ka1 a4 $11) 36. Rxa6 Rf2 37. h4 Rh2 38. Ra5
Kg6 39. Kb1 b4 $2 (39... Rxh4 40. Rxb5 Kf6 $11) 40. Rg5+ Kf6 41. Rg4 {Obwohl
es in den Turmendspielen "Zwei Bauern gegen keinen" bei zwei Randbauern viele
Remisstellungen gibt, sehe ich hier keine Rettung für Schwarz.} Ke5 42. Rxb4
Kd5 43. a4 Kc5 44. Rg4 Kd5 45. a5 Kc6 46. a6 Kb6 47. Ra4 Ka7 48. Kc1 Rg2 49.
Kd1 Rh2 50. Ke1 Rg2 51. Kf1 Rh2 52. Kg1 Rb2 53. h5 Rb5 54. Rh4 Kxa6 55. h6 1-0

[Event "Sigeman & Co 03rd"]
[Site "Malmo"]
[Date "1995.??.??"]
[Round "1"]
[White "Djurhuus, Rune"]
[Black "Sokolov, Ivan"]
[Result "0-1"]
[WhiteElo "2495"]
[BlackElo "2645"]
[Annotator "Huebner,R"]
[PlyCount "62"]
[EventDate "1995.05.??"]
[EventType "tourn"]
[EventRounds "9"]
[EventCountry "SWE"]
[EventCategory "12"]
[SourceTitle "CBM 048"]
[Source "ChessBase"]
[SourceDate "1995.10.01"]
[SourceVersion "1"]
[SourceVersionDate "1995.10.01"]
[SourceQuality "1"]

1. d4 d5 2. c4 c6 3. cxd5 cxd5 4. Bf4 Nc6 5. Nc3 Nf6 6. e3 Ne4 {Dies ist
offenbar Sokolov s Spezialzug. In der Partie Yusupov,A-Sokolov,I, Groningen
1994, folgte 7.Bd3 Nc3 8.bc3 g6 9.Nf3 Bg7 10.0-0 0-0 11.c4 dc4 12.Bc4 Bf5 mit
etwa ausgeglichener Stellung.} 7. Bb5 e6 8. Nge2 Nxc3 9. Nxc3 Be7 10. O-O O-O
11. a3 Bd7 12. Rc1 Rc8 13. Bd3 Na5 14. e4 dxe4 15. Bxe4 Bf6 16. b4 Nc6 17. d5
Nd4 18. Be3 Qb6 19. Kh1 g6 20. Qd3 Bg7 21. dxe6 (21. f4 $5) 21... fxe6 22. Rfd1
e5 23. h3 Bf5 24. f4 (24. Bxf5 $5) 24... Qe6 25. fxe5 Bxe4 26. Qxe4 $2 (26.
Nxe4 $10) 26... Nb3 $19 27. Rc2 Qxe5 28. Qxe5 Bxe5 29. Bh6 Rf5 30. Rb1 Bxc3 31.
Rxb3 Rf1+ 0-1

[Event "Villa Martelli"]
[Site "Villa Martelli"]
[Date "1998.05.20"]
[Round "2"]
[White "Slipak, Sergio"]
[Black "Rojas Keim, Luis Alberto"]
[Result "1-0"]
[WhiteElo "2510"]
[BlackElo "2455"]
[Annotator "Huebner,R"]
[PlyCount "55"]
[EventDate "1998.05.??"]
[EventType "tourn"]
[EventRounds "9"]
[EventCountry "ARG"]
[EventCategory "9"]
[SourceTitle "CBM 065"]
[Source "ChessBase"]
[SourceDate "1998.08.06"]
[SourceVersion "1"]
[SourceVersionDate "1998.08.06"]
[SourceQuality "1"]

1. d4 d5 2. c4 c6 3. Nc3 dxc4 4. e4 b5 5. a4 b4 6. Na2 Nf6 7. e5 Nd5 8. Bxc4 e6
9. Nf3 Be7 10. Bd2 a5 11. Nc1 Bb7 12. Nb3 Nd7 13. O-O O-O 14. Qe2 c5 15. dxc5 (
15. Bd3 cxd4 16. Rfc1 Qb6 17. Nbxd4 Rfc8 18. Bb5 Nf8 19. g3 $11 {1/2-1/2
Yakovich,Y-Sadler,M/EU-chTM 1997 (42)}) 15... Nxc5 16. Nxc5 Bxc5 17. Bd3 Ne7 {
Dieser Rückzug erregt mein Mißtrauen. Nach} (17... Be7 18. Qe4 g6 {ist die
Stellung des Schwarzen meines Erachtens solide genug.}) 18. Rad1 h6 $6 (18...
Bxf3 19. Qxf3 Qb6 20. Qe4 Ng6 {ist noch keineswegs fatal für Schwarz.}) 19.
Bxh6 Bxf3 $6 (19... gxh6 20. Bh7+ Kxh7 21. Rxd8 Raxd8 22. Qc2+ Nf5 23. Qxc5
Bxf3 24. gxf3 Rg8+ 25. Kh1 Rd5 {lohnte vielleicht einen Versuch; die Festung
des Schwarzen ist schwer zu knacken, zum Beispiel} 26. Qc7 Rg7 27. f4 h5 28. h3
h4 29. Rc1 (29. Qc2 Rg8) 29... Rd2 30. Rc2 Rd1+ 31. Kh2 Nd4) 20. Qxf3 gxh6 21.
Qf4 Qb6 $2 ({Die richtige Verteidigung bestand in} 21... Qe8 22. Qxh6 Ng6 23.
Be4 Ra7 24. Rd3 f5 25. exf6 Rxf6 {doch wird der Angriff des Weißen nach} 26.
Qg5 Be7 27. Rg3 {durchdringen.}) 22. Qxh6 Nf5 23. Qg5+ Ng7 24. Qh4 Nf5 25. Qg4+
Ng7 (25... Kh8 26. Qh5+ Kg8 27. g4 {ist ebenfalls hoffnungslos.}) 26. Qe4 Nf5
27. g4 Kg7 28. Kh1 1-0

[Event "Yopal"]
[Site "Yopal"]
[Date "1997.06.21"]
[Round "2"]
[White "Arencibia Rodriguez, Walter"]
[Black "Miles, Anthony John"]
[Result "1-0"]
[WhiteElo "2560"]
[BlackElo "2550"]
[Annotator "Huzman,A"]
[PlyCount "85"]
[EventDate "1997.06.20"]
[EventType "tourn"]
[EventRounds "9"]
[EventCountry "COL"]
[EventCategory "12"]
[SourceTitle "CBM 060"]
[Source "ChessBase"]
[SourceDate "1997.09.29"]
[SourceVersion "1"]
[SourceVersionDate "1997.09.29"]
[SourceQuality "1"]

1. d4 d5 2. c4 dxc4 3. e4 b5 4. a4 c6 5. Nc3 (5. axb5 cxb5 6. Nc3 (6. b3 e5 $1
7. bxc4 Bb4+ 8. Bd2 Qxd4 9. Bxb4 Qxa1 10. Nf3 Nc6 11. Bc3 Qa4 12. cxb5 Qxe4+
13. Be2 Nd4 14. Nxd4 exd4 15. Bxd4 Bb7 16. f3 Qh4+ 17. g3 Qg5 18. O-O Ne7 $19 {
0-1 Gartner,G-Vegh,E/Honved 1997 (30)}) 6... Bd7 7. Nf3 e6 8. Be2 Nf6 9. O-O
Be7 10. d5 b4 11. d6 Bf8 12. e5 bxc3 13. exf6 Nc6 14. fxg7 Bxg7 15. bxc3 O-O
16. Bxc4 $16 {1-0 Yermolinsky,A-Zaltsman,V/St.Martin op 1993 (26)}) (5. b3 Nf6
6. e5 Nd5 7. axb5 (7. bxc4 bxc4 8. Bxc4 e6 9. Ne2 Bb4+ 10. Bd2 Be7 11. O-O O-O
12. Nbc3 Ba6 13. Qb3 Nb6 14. Bxa6 Nxa6 15. a5 Nd5 16. Qc4 Ndb4 17. Rfc1 c5 $11
{Menyhart Tibor-Almasi Istvan/It (open), Hajduszoboszlo (Hungary) 1995/0-1 (68)
}) 7... cxb5 8. bxc4 bxc4 9. Bxc4 e6 10. Ne2 Bb4+ 11. Bd2 Be7 12. O-O O-O 13.
Nbc3 Bb7 14. Rb1 Nb6 15. Bd3 Nc6 16. Be4 Qd7 17. Be3 Nb4 $11 {[%csl Rd5] 1-0
Herndl,H-Almasi,I/Vienna Chess Festival Open 1996 (27)}) 5... b4 6. Na2 Nf6 7.
e5 Nd5 8. Bxc4 e6 9. Nf3 Be7 10. Bd2 a5 11. Nc1 {[%cal Gc1b3]} Ba6 12. Qc2 Bxc4
13. Qxc4 O-O 14. Nb3 $14 Nb6 15. Qc2 h6 (15... Qd5 16. Bg5 $16) 16. O-O Qd5 17.
Be3 {[%csl Rc5][%cal Gf3d2,Gd2e4]} Qc4 18. Qxc4 Nxc4 19. Rfc1 Nb6 20. Nfd2 Rc8
21. f4 {[%cal Gg1f2,Gg2g4,Gf4f5,Gf2f3]} N8d7 22. Kf2 f5 23. Kf3 Kf7 24. h3 Nb8
(24... h5 25. g4 hxg4+ 26. hxg4 g6 27. Rh1 $16) 25. d5 $5 (25. g4 N8d7 $14)
25... Nxd5 26. Nc4 {[%csl Ra5]} g5 27. g3 Nd7 28. Ncxa5 Nxe3 29. Kxe3 Nc5 $2 (
29... gxf4+ $142 30. gxf4 Rg8 $132) 30. Rxc5 $1 (30. Nxc5 Rxa5 31. Nb3 Rd5 $132
{[%cal Yc8d8]}) (30. Rc4 gxf4+ 31. gxf4 Nxb3 32. Nxb3 Rg8 $132) 30... Bxc5+ 31.
Nxc5 Rxa5 32. Nb7 Raa8 33. Nd6+ Ke7 34. Nxc8+ Rxc8 35. a5 $18 Kd7 36. a6 Kc7
37. Kd4 Kb6 38. a7 Ra8 39. Kc4 gxf4 40. gxf4 b3 (40... c5 41. b3 $16) 41. Ra3
$22 Rxa7 42. Rxa7 Kxa7 43. Kc5 1-0

[Event "Horgen CS"]
[Site "Horgen"]
[Date "1994.??.??"]
[Round "11"]
[White "Jussupow, Artur"]
[Black "Shirov, Alexei"]
[Result "1/2-1/2"]
[WhiteElo "2655"]
[BlackElo "2740"]
[Annotator "Jussupow,A"]
[PlyCount "42"]
[EventDate "1994.09.??"]
[EventType "tourn"]
[EventRounds "11"]
[EventCountry "SUI"]
[EventCategory "16"]
[SourceTitle "CBM 043"]
[Source "ChessBase"]
[SourceDate "1994.12.01"]
[SourceVersion "1"]
[SourceVersionDate "1994.12.01"]
[SourceQuality "1"]

1. d4 d5 2. c4 c6 3. Nc3 Nf6 4. cxd5 cxd5 5. Bf4 Nc6 6. e3 Bg4 7. f3 (7. Qb3
Na5 8. Bb5+ (8. Qc2 $5) 8... Bd7 9. Qa4 (9. Bxd7+ Qxd7 10. Qb5 Nc6 $10 {
Hertneck,G-Kramnik,V/BL 9394/1994/1/2-1/2/40/}) 9... e6 (9... Nc6) 10. Bg5 Nc4
11. e4 Nxb2 $2 (11... Nb6 $142 12. Qb3 Be7 {Shirov}) 12. Qb3 $16 {Salov,
V-Shirov,A/Madrid/1994/1/2-1/2/53/ CBM 41}) 7... Bd7 8. Bd3 e6 9. Bg3 (9. Bg5
Be7 10. f4 h6 11. Bxf6 Bxf6 12. Nf3 g5 13. g3 gxf4 14. gxf4 Rg8 $10 {
Vera-Nenashev/Luzern/1993/1/2-1/2/}) 9... Be7 10. Nge2 O-O 11. O-O a6 12. Nc1
$5 $146 (12. e4 dxe4 13. fxe4 Ng4 $132) 12... Na5 13. Nb3 Nc4 (13... Rc8 14.
Nxa5 Qxa5 15. a3 $14) 14. Qe2 Rc8 (14... b5 15. Nc5 $14) 15. e4 $14 b5 16. e5
Nh5 $1 17. f4 Nxg3 (17... g6 18. Rf3 a5 $6 19. Bf2 $16) 18. hxg3 a5 $132 {
/\a4, Qb6} 19. Bxh7+ $5 (19. f5 Bg5 $132) 19... Kxh7 20. Qh5+ Kg8 21. Kf2 f5
$10 (21... f6 $5 22. Rh1 Bb4 $5 $13 (22... fxe5 23. Qh7+ Kf7 24. Qh5+) 23. a3
$5 (23. Qh7+ $140 Kf7 24. Rh6 fxe5 (24... Rh8 $2 25. Qg6+ Kg8 26. Rxh8+ Kxh8
27. Qf7 $18) 25. Nc5 (25. Qg6+ Ke7) (25. Nxd5 exd5 26. Qg6+ Ke7 27. Qg5+ Rf6
28. Qxg7+ (28. dxe5 Qb6+) 28... Rf7 29. Qg5+ Ke8 30. Rh8+ Bf8) 25... Qe8 $17)
23... Bxc3 24. bxc3 Qe8 (24... fxe5 25. dxe5 {/\Nd4}) 25. Qh7+ Kf7 26. Rh6 $40
Ke7 27. Qxg7+ Rf7 28. exf6+ Kd8 29. Qg6 (29. Qg5 $5) 29... Nd6 30. Re1 $5 $44 {
/\Nc5}) (21... f5 22. Rh1 Nxb2 23. Qh7+ Kf7 24. Qh5+ $10) 1/2-1/2